LEADER 01478nam 2200397 450 001 996280056003316 005 20200503070417.0 010 $a1-5386-8207-9 035 $a(CKB)4100000007192365 035 $a(WaSeSS)IndRDA00122579 035 $a(EXLCZ)994100000007192365 100 $a20200503d2018 uy 0 101 0 $aeng 135 $aur||||||||||| 181 $ctxt$2rdacontent 182 $cc$2rdamedia 183 $acr$2rdacarrier 200 10$a2018 International Conference on Bangla Speech and Language Processing $e21-22 September 2018, Sylhet, Bangladesh /$fInstitute of Electrical and Electronics Engineers 210 1$aPiscataway, New Jersey :$cInstitute of Electrical and Electronics Engineers,$d2018. 215 $a1 online resource (45 pages) 311 $a1-5386-8208-7 606 $aBengali language$xData processing$vCongresses 606 $aSpeech processing systems$vCongresses 606 $aNatural language processing (Computer science)$vCongresses 608 $aElectronic books. 615 0$aBengali language$xData processing 615 0$aSpeech processing systems 615 0$aNatural language processing (Computer science) 676 $a006.454 712 02$aInstitute of Electrical and Electronics Engineers, 801 0$bWaSeSS 801 1$bWaSeSS 906 $aPROCEEDING 912 $a996280056003316 996 $a2018 International Conference on Bangla Speech and Language Processing$92502950 997 $aUNISA LEADER 00938nas 2200313-a 450 001 9910503174403321 005 20130315092736.0 011 $a1944-3439 035 $a(OCoLC)232301887 035 $a(CKB)110978977275578 035 $a(CONSER)--2008205788 035 $a(EXLCZ)99110978977275578 100 $a20080618a200u9999 --- a 101 0 $aeng 200 04$aThe American Jewish world$iCommunity guide 210 $aMinneapolis, MN $cMinnesota Jewish Media, LLC 300 $a"A complete directory of Jewish resources in Minnesota." 311 $a0002-9084 517 1 $aCommunity guide 531 $aAMERICAN JEWISH WORLD VOICE OF MINNESOTA JEWRY 531 $aAMERICAN JEWISH WORLD 606 $aJews$zMinnesota$vDirectories 607 $aMinnesota$vDirectories 615 0$aJews 676 $a977.6 906 $aJOURNAL 912 $a9910503174403321 996 $aThe American Jewish world$91898098 997 $aUNINA